000 01531nam a2200301 a 4500
001 000038573
003 DO-SdBNP
005 20230203092654.0
007 ta
008 081212s1983 dr ac 000 0 spa d
040 _aDO-SdBNP
_bspa
_cBNPHU
082 _a101
_bV768m, 1983
_222
100 1 _aVincent Cepeda, Rosa Amelia
_91213
245 1 0 _aManual de introducción a la filosofía /
_cRosa Amelia Vincent Cepeda.
260 _aSanto Domingo :
_bAmigo del Hogar,
_c1983.
300 _a93 p. :
_bil., retrs. ;
_c20 cm.
500 _aDesarrollo del Programa de Oficial Plan de Reforma
504 _aBibliografía : p. 93
505 2 _gCapítulo I.
_tConcepto general de la filosofía --
_gCapítulo II.
_tEl mundo griego y los primeros filósofos --
_gCapítulo III.
_tLa Atenas de Pericles --
_gCapítulo IV.
_tAristóteles --
_gCapítulo V.
_tLas escuelas moralistas --
_gCapítulo VI.
_tAdvenimiento del cristianismo --
_gCapítulo VII.
_tEl Renacimiento --
_gCapítulo VIII.
_tLos empiristas ingleses --
_tLos pensadores alemanes --
_gCapítulo X.
_tAusgusto Comte y el positivismo --
_gCapítulo XI.
_tEl pensamiento del siglo XX --
_gCapítulo XII.
_tLas diversas disciplinas filosóficas --
_tBibliografía.
521 _aPara estudiantes de bachillerato
590 _aInventariado, 2018 /LP
650 4 _aFilosofía
_xHistoria
_9528
650 4 _aFilosofía
_xLibros de texto
_91214
650 4 _aFilosofía
_xEnseñanza
_9527
650 4 _aFilosofía antigua
_91215
910 _aValidado. Control de calidad BNPHU.
942 _2ddc
_cLBS1
999 _c38063
_d38063